Education policy in developing countries

Salvato in:
Dettagli Bibliografici
Altri autori: Glewwe, Paul
Natura: Libro
Lingua:inglese
Pubblicazione: Chicago <The> University of Chicago Press 2014
Soggetti:
Tags: Aggiungi Tag
Nessun Tag, puoi essere il primo ad aggiungerne!!

MARC

LEADER 00000nam a2200000 4500
001 0194139
005 20240315115221.1
020 |a 978-0-226-07871-7 (paper) 
020 |a 978-0-226-07868-7 (cloth) 
041 0 |a eng 
044 |a US 
245 1 0 |a Education policy in developing countries  |c edited by: Paul Glewwe 
264 1 |a Chicago  |b <The> University of Chicago Press  |c 2014 
300 |a 342 s. 
610 2 0 |a vzdelávanie 
610 2 0 |a krajiny rozvojové 
610 2 0 |a politika vzdelávania 
610 2 0 |a školstvo 
610 2 0 |a deti 
610 2 0 |a študenti 
610 2 0 |a zdravie 
610 2 0 |a vyučovanie 
610 2 0 |a programy 
610 2 0 |a náklady 
610 2 0 |a efektívnosť 
610 2 0 |a analýzy 
700 1 |a Glewwe, Paul